| 000 | 01195cam a22003131 4500 | ||
|---|---|---|---|
| 001 | 676 | ||
| 003 | BD-RjUL | ||
| 005 | 20211208233221.0 | ||
| 008 | 131123s1967 enk b 000 0 eng d | ||
| 020 | _a0853651205 | ||
| 035 | _a(BD-RjUL)696 | ||
| 040 |
_aDLC _cDLC _dBD-RjUL _beng |
||
| 041 | _aeng | ||
| 082 | 0 | 0 |
_a011.02 _216 _bBAS 1967 |
| 110 | 2 |
_aLibrary Association. _bReference, Special and Information Section. _94741 |
|
| 245 | 1 | 0 |
_aBasic stock for the reference library / _cEdited by A. J. Walford and Charles A. Toase. |
| 250 | _a2d ed. | ||
| 260 |
_aLondon, : _bLibrary Association (Reference, Special and Information Section), _cc1967. |
||
| 300 |
_a24 p. ; _c21 cm. |
||
| 350 | _a1/6 | ||
| 500 | _aA revision of the list in the Reference, Special and Information Section's Reference library stock published in 1960. | ||
| 650 | 0 |
_aReference books _zGreat Britain _xBibliography. _91898 |
|
| 700 | 1 |
_aWalford, A. J. _q(Albert John), _eed. _91264 |
|
| 700 | 1 |
_aToase, Charles A., _eed. _92046 |
|
| 710 | 2 |
_aLibrary Association. _bReference, Special and Information Section. _tReference library stock. _92047 |
|
| 942 |
_2ddc _cBK |
||
| 999 |
_c676 _d676 |
||